Star Wars: Name the Sith - Statistics

General Stats
  • This quiz has been taken 38 times
  • The average score is 13 of 18
Answer Stats
Picture Answer % Correct
Darth Vader
100%
Darth Maul
97%
Darth Sidious
97%
Kylo Ren
97%
Savage Opress
90%
The Grand Inquisitor
90%
Darth Tyranus
87%
Snoke
84%
Asajj Ventress
77%
Barriss Offee
71%
Darth Bane
71%
Fifth Brother
68%
Darth Plagueis
65%
Pong Krell
65%
Seventh Sister
58%
Mother Talzin
55%
Eight Brother
32%
Quinlan Vos
23%
No matching quizzes found
Score Distribution
Percent of People with Each Score
Percentile by Number Answered
Your Score History
You have not taken this quiz